World's Fastest Trains - Statistics

General Stats
  • This quiz has been taken 84 times
  • The average score is 2 of 10
Answer Stats
Speed Name % Correct
310 km/hr TGV Duplex
92%
420 km/hr Shanghai Maglev / Transrapid
23%
300 km/hr ETR 500 Frecciarossa
19%
360 km/hr AGV Italo
10%
380 km/hr Harmony CRH 380 A
8%
350 km/hr Siemens Velaro E / AVS 103
8%
320 km/hr E5 Series Shinkansen
6%
300 km/hr THSR 700T
6%
320 km/hr Alstom Euroduplex
5%
350 km/hr Talgo 350
5%
No matching quizzes found
Score Distribution
Percent of People with Each Score
Percentile by Number Answered
Your Score History
You have not taken this quiz